Normal view
MARC view
- فؤاد ، مصطفى احمد
Entry Personal Name
001 - CONTROL NUMBER
- control field: 34924
003 - CONTROL NUMBER IDENTIFIER
- control field: JO-AjAnu
005 - DATE AND TIME OF LATEST TRANSACTION
- control field: 20230606075838.0
008 - FIXED-LENGTH DATA ELEMENTS
- fixed length control field: 230606|| aca||aabn | a|a d
040 ## - CATALOGING SOURCE
- Original cataloging agency: JO-AjAnu
- Transcribing agency: JO-AjAnu
100 ## - HEADING--PERSONAL NAME
- Personal name: فؤاد ، مصطفى احمد
670 ## - SOURCE DATA FOUND
- Source citation: Work cat.: (JO-AjAnu)17935: فؤاد ، مصطفى احمد , author, القانون واجب التطبيق على العقد المبرم بين المنظمة الدولية وشخص القانون الداخلى